书目信息 |
| 题名: |
洁净煤技术
|
|
| 作者: | 郝临山 主编 | |
| 分册: | ||
| 出版信息: | 北京 化学工业出版社 2005 |
|
| 页数: | 245页 | |
| 开本: | 26cm | |
| 丛书名: | ||
| 单 册: | ||
| 中图分类: | TK227.1 , TQ53 | |
| 科图分类: | ||
| 主题词: | 煤--燃烧--净化--技术--高等教育--教材 , 煤 , 燃烧 , 净化 | |
| 电子资源: | ||
| ISBN: | 7-5025-5751-2 | |
| 000 | 00977nam0 2200301 450 | |
| 001 | 002837301 | |
| 005 | 20070720105017.68 | |
| 010 | @a7-5025-5751-2@dCNY26.00 | |
| 035 | @a002837301 | |
| 100 | @a20050221e20062005em y0chiy0110 ea | |
| 101 | 0 | @achi |
| 102 | @aCN@b110000 | |
| 105 | @ay z 000yy | |
| 106 | @ar | |
| 200 | 1 | @a洁净煤技术@Ajie jing mei ji shu@f郝临山主编@Fhao lin shan zhu bian |
| 210 | @a北京@c化学工业出版社@d2005@h2006重印 | |
| 215 | @a245页@d26cm | |
| 300 | @a教育部高职高专规划教材 | |
| 330 | @a本书较系统地介绍了煤炭加工利用与环境问题;煤炭加工转化主要新技术、新工艺;煤炭洁净燃烧新技术与工艺;煤炭清洁开采新技术、新方法;煤炭共伴生资源综合利用技术;适当介绍了洁净煤技术领域的发展趋势。 | |
| 606 | 0 | @a煤@x燃烧@x净化@x技术@x高等教育@j教材 |
| 606 | 0 | @a煤 |
| 606 | 0 | @a燃烧 |
| 606 | 0 | @a净化 |
| 690 | @aTK227.1@v4 | |
| 690 | @aTQ53@v4 | |
| 701 | 0 | @a郝临山@Ahao lin shan@4主编 |
| 801 | 0 | @aCN@bNLC@c20070720 |
| 905 | @dTK227.1@e87@f5 | |
| 洁净煤技术/郝临山主编.-北京:化学工业出版社,2005(2006重印) |
| 245页;26cm |
| 教育部高职高专规划教材 |
| ISBN 7-5025-5751-2:CNY26.00 |
| 本书较系统地介绍了煤炭加工利用与环境问题;煤炭加工转化主要新技术、新工艺;煤炭洁净燃烧新技术与工艺;煤炭清洁开采新技术、新方法;煤炭共伴生资源综合利用技术;适当介绍了洁净煤技术领域的发展趋势。 |
| ● |
| 相关链接 |
|
|
|
|
正题名:洁净煤技术
索取号:TK227.1/87
 
预约/预借
| 序号 | 登录号 | 条形码 | 馆藏地/架位号 | 状态 | 备注 |
| 1 | 0850417 | 208504171 | 第二样本阅览室/ [索取号:TK227.1/87] | 在馆 | |
| 2 | 0850418 | 208504180 | 第三借阅区/ [索取号:TK227.1/87] | 在馆 | |
| 3 | 0850419 | 208504199 | 第三借阅区/ [索取号:TK227.1/87] | 在馆 | |
| 4 | 0850420 | 208504206 | 第三借阅区/ [索取号:TK227.1/87] | 在馆 | |
| 5 | 0850421 | 208504215 | 第三借阅区/ [索取号:TK227.1/87] | 在馆 |